000 00414nam a22001577a 4500
008 250620b |||||||| |||| 00| 0 eng d
020 _a9789354667817
050 _aQR63
_bD37
100 _aDas Shukla
245 _aMicrobiology practical manual
250 _a3rd
260 _aNew delhi
_bCBS Publishers & distributor
_c2024
300 _aXvi,257p.
_bill.
650 _aMicrobiology-laboratry maunal
942 _cBK
999 _c3914
_d3914